000 01969nam a2200241 4500
001 5959
010 _a9789722361668
021 _b435634/17
090 _a5959
100 _a20180705d2018 m y0pory50030103ba
200 1 _aO tatuador de Auschwitz
_fHeather Morris
_gtrad. Miguel Romeira
210 9 _aLisboa
_cPresença
_d2018
215 _a227, [4] p.
_cil.
225 2 _aGrandes narrativas
_v682
304 _aTít. orig.: The tattooist of Auschwitz
330 _aEsta é a história assombrosa do Tatuador de Auschwitz e da mulher que conquistou o seu coração - um dos episódios mais extraordinários e inesquecíveis do Holocausto. Em 1942, Lale Sokolov chega a Auschwitz-Birkenau. Ali é incumbido da tarefa de tatuar os prisioneiros marcados para sobreviver - gravando uma sequência de números no braço de outras vítimas como ele - com uma tinta indelével. Era assim o processo de criação daquele que veio a tornar-se um dos símbolos mais poderosos do Holocausto. À espera na fila pela sua vez de ser tatuada, aterrorizada e a tremer, encontra-se Gita. Para Lale, um sedutor, foi amor à primeira vista. Ele está determinado não só a lutar pela sua própria sobrevivência mas também pela desta jovem. Um romance baseado em entrevistas que Heather Morris fez ao longo de diversos anos a Lale Sokolov, vítima do Holocausto e tatuador em Auschwitz-Birkenau. Uma história de amor e sobrevivência no meio dos horrores de um campo de concentração, que agradará a um vasto universo de leitores, em especial aos que leram A Lista de Schindler e O Rapaz do Pijama às Riscas, e que nos mostra de forma pungente e emocionante como o melhor da natureza humana se revela por vezes nas mais terríveis circunstâncias.
606 _913
_aLiteratura Estrangeira
675 _a821.111(931)-31"20"
_vBN
_zpor
700 _aMorris
_bHeather
_f1953-
_95640
702 _aRomeira
_bMiguel
_93287
801 0 _aPT
_bBMVN
_gRPC
830 _cInês Silva
_d31/12/2021
990 _cLIVROS